|
|
|
|
| LEADER |
00000cam a2200000 7i4500 |
| 001 |
0000004003 |
| 005 |
20131023.0 |
| 020 |
0 |
0 |
|a 9780071796140
|
| 090 |
0 |
0 |
|a 658.401
|b ROB 2013
|
| 100 |
1 |
0 |
|a Maurer, Robert
|
| 245 |
1 |
0 |
|a The spirit of kaizen: :
|b creating lasting excellence one small step at a time
|c Robert Maurer
|
| 260 |
0 |
0 |
|a New York, USA :
|b McGraw-Hill ,
|c 2013
|
| 300 |
|
|
|a ix.181p. :
|b ill. ;
|c 24cm.
|
| 504 |
0 |
0 |
|a Includes bibliographical and index
|
| 650 |
0 |
0 |
|a Organizational change
|
| 650 |
0 |
0 |
|a Organizational effectiveness
|
| 998 |
|
|
|a JPSM
|
| 999 |
|
|
|a 007820
|b Monograph
|c Open Shelf
|e Default branch
|